000 00791nam a2200241 a 4500
001 000044844
005 20201002045654.0
008 150114s2014 dr a 000 p spa d
020 _a9789945581300
040 _aDO-SdBNP
_bspa
_cBNPHU
082 _aPR861.44
_bV393s
100 1 _aVázquez Paz, Johanny
_972860
245 1 0 _aSagrada familia /
_cJohanny Vázquez Paz.
260 _aSan Juan, Puerto Rico :
_bIsla Negra,
_c2014.
300 _a127 p. :
_bil. ;
_c22 cm.
490 1 _aFilo de juego
500 _aIncluye datos biográficos de la autora en la solapa de la cubierta
500 _aInventariado, 2019/LP
650 4 _aPoesía puertorriqueña
_91015
650 4 _aLiteratura puertorriqueña
_9250
830 0 _aFilo de juego
_91014
910 _aValidado. Control de calidad MFF
999 _c44333
_d44333